000 00408nam a22001217a 4500
999 _c9366
_d9366
003 OSt
008 201203b ||||| |||| 00| 0 eng d
245 _aIndian Journal of Civil Constructed Facilities
250 _a2014(Jan-Jun Vol.3 No.1, Jul-Dec Vol.3 No.2) 2015(Jan-Jun Vol.4 No.1, Jul-Dec Vol.4 No.2)
260 _aNew Delhi
_bGBS Publishers And Distributors
650 _aCivil Engineering
942 _2ddc
_cBV